000 00646cam a22002053a 4500
001 41167
003 PGUSA
005 20140828083928.0
008 121024s2012||||xxu|||||s|||||000 | eng d
040 _aPGUSA
_beng
042 _adc
100 1 _aHulbert, Archer Butler,
_d1873-1933
245 1 0 _aHistoric Highways of America (Vol. 8) :
_bMilitary Roads of the Mississippi Basin
_h[electronic resource] /
_cArcher Butler Hulbert
260 _bProject Gutenberg,
_c2012
506 _aPublic domain in the USA.
516 _aElectronic text
830 0 _aProject Gutenberg
_v41167
856 4 0 _uhttp://www.gutenberg.org/ebooks/41167
942 _cEB
999 _c270419
_d270419